चिन्ता त्यागे स्वस्थ बनें/ (Record no. 203894)

MARC details
000 -LEADER
fixed length control field 00823nam a22001937a 4500
005 - DATE AND TIME OF LATEST TRANSACTION
control field 20240710115723.0
010 ## - LCCN (DPL NO)
LC control number HIN-127916
020 ## - INTERNATIONAL STANDARD BOOK NUMBER
Terms of availability 400.00
International Standard Book Number 9789380970196
035 ## - SYSTEM CONTROL NUMBER
System control number HN-100262
037 ## - SOURCE OF ACQUISITION
Source of stock number/acquisition DBAD
082 ## - DEWEY DECIMAL CLASSIFICATION NUMBER
Classification number 158.1
100 ## - MAIN ENTRY--PERSONAL NAME
Personal name श्रीवास्तव हिमांशु
245 ## - TITLE STATEMENT
Title चिन्ता त्यागे स्वस्थ बनें/
Statement of responsibility, etc हिमांशु श्रीवास्तव
250 ## - EDITION STATEMENT
Edition statement प्रथम
260 ## - PUBLICATION, DISTRIBUTION, ETC. (IMPRINT)
Place of publication, distribution, etc उतर प्रदेश
Name of publisher, distributor, etc प्रेरणा प्रकाशन
Date of publication, distribution, etc 2019
270 ## - ADDRESS
Address हलनगंज मथुरा
City उतरप्रदेश
Telephone number 09410082632
300 ## - PHYSICAL DESCRIPTION
Extent 135 पृ;
Dimensions 22 सेमी (सजिल्द)
942 ## - ADDED ENTRY ELEMENTS (KOHA)
Source of classification or shelving scheme Dewey Decimal Classification
Item type Hindi Books
Classification part 158.1
Call number suffix श्रीवास्त
Edition प्रथम
Holdings
Withdrawn status Lost status Not for loan Collection code Home library Current library Date acquired Source of acquisition Cost, normal purchase price Full call number Barcode Copy number Cost, replacement price Koha item type
      Non-fiction Central Jail Tihar Central Jail Tihar 03/07/2024 DBAD 400.00 158.1 श्रीवास्त HN-100262 1 400.00 Hindi Books

© Delhi Public Library
Hit Counter
free hit counter